Utwory Aleksandra Fredry - nagła śmierć - Statystyki

Ogólne statystyki
  • Ten quiz został rozwiązany 201 razy
  • Średni wynik to 4 z 9
Answers on the Grid
Answers color-coded by a green-red scale on the quiz's grid according to % correct below.
,,Zemsta"
,,Śluby panieńskie, czyli Magnetyzm serca"
,,Pan Jowialski"
,,Dożywocie"
,,Damy i huzary"
,,Mąż i żona"
,,Wychowanka"
,,Odludki i poeta"
,,Paweł i Gaweł"
,,Żona modna"
,,Romantyczność"
,,Fortepian Szopena"
,,Gucio zaczarowany"
,,Zbrodnia i kara"
,,Krzyżacy"
 
Statystyki odpowiedzi
Odpowiedź % Poprawnych
,,Zemsta"
90%
,,Śluby panieńskie, czyli Magnetyzm serca"
55%
,,Paweł i Gaweł"
50%
,,Mąż i żona"
48%
,,Damy i huzary"
45%
,,Pan Jowialski"
41%
,,Dożywocie"
22%
,,Odludki i poeta"
22%
,,Wychowanka"
17%
Nie znaleziono quizów pasujących do podanych kryteriów
Rozkład punktacji
Procent ludzi z każdym wynikiem
Percentyl według liczby udzielonych odpowiedzi
Twoja historia wyników
Nie rozwiązałeś tego quizu